01213nab a22002297a 4500003000400000005001700004008004100021040000700062100002000069245011000089260007300199300001500272500007300287505015600360505013100516505008900647650002900736650002300765650002700788650003400815773013400849OSt20260130221237.0190603e xxum|||| |||| 00| 0 spa d cPJ aBaltar, Leandro10aUniones convivenciales y justicia transfronteriza : banálisis de un caso argentino /cLeandro Baltar.  cCiudad Autónoma de Buenos Aires :aThomson Reuters La Ley, b2025. ap. 287-298 aCita: TR LALEY AR/DOC/2244/2025 Publicado en: RCCyC 2025 (Octubre). aSumario: I. Introducción.— II. Las uniones convivenciales como un modo de crear una familia.— III. Un caso para reflexionar.— IV. Reflexiones.  aFallo comentado: CNCiv., sala H ~ 12/06/2025 ~ M. R., C. I. c. M. A., A. s/ fijación de compensación arts. 524, 525 CCCN. t¿Te interesa el texto completo? Solicitalo al correo: koha@justierradelfuego.gov.ar 0aCODIGO CIVIL Y COMERCIAL 0aDERECHO DE FAMILIA 0aUNIONES CONVIVENCIALES 0aDERECHO INTERNACIONAL PRIVADO0 02713dCiudad Autónoma de Buenos Aires : Thomson Reuters La Ley, 2015-tRevista Código Civil y Comercial. Nº 5 - Octubre 2025